• 首页
  • 本馆介绍
  • 公告通知
  • 最新文献
  • 馆藏检索
  • 电子资源
  • 读者导购
  • 参考咨询
  • 我的图书馆
  • 登录
  • 详细信息显示
  • 放入我的书架
  • 预约/预借图书
  • 作者相关作品
  • 分类相关作品
  • 丛书相关作品
  • 出版社相关作品

书目信息

  • 表格格式
  • 工作单格式
  • 卡片格式
题名:
土埌与作物营养诊断技术
    
 
作者: ;山西农学院土壤农业化学专业 编
分册:  
出版信息: 太原   山西农学院土壤农业化学专业  [19-?]
页数: 169
开本: 21cm
丛书名:
单 册:
中图分类: S153.6
科图分类:
主题词:
电子资源:
ISBN:
000 00664nam0 2200205 450
001 000425379
005 20120905085538.0
010    @dCNY0.31
100    @a20120905f19001990ekmy0chiy0121 ea
101 0  @achi
102    @aCN@b140000
105    @ay z 000yy
106    @ar
200 1  @a土埌与作物营养诊断技术@9Tu lang Yu Zuo Wu Ying Yang Zhen Duan Ji Shu;Zhu @f山西农学院土壤农业化学专业编
210    @a太原@c山西农学院土壤农业化学专业@d[19-?]
215    @a169@d21cm
690    @aS153.6@v2
712 02 @a山西农学院土壤农业化学专业@9shan xi nong xue yuan tu rang nong ye hua xue zhuan ye@4编
801  0 @aCN@b91MARC@c20130904
905    @aBZT@dS153.6@e92@f6@sS153.6/92
    
    土埌与作物营养诊断技术/山西农学院土壤农业化学专业编.-太原:山西农学院土壤农业化学专业,[19-?]
    169;21cm
    
    
    ISBN :CNY0.31
    
●
相关链接 在五车中查询图书 在当当中查询图书 在豆瓣中查询图书


正题名:土埌与作物营养诊断技术     索取号:S153.6/92         预约/预借

序号 登录号 条形码 馆藏地/架位号 状态 备注
1 2000108304   2000108304   旧书回溯/ [索取号:S153.6/92] 在馆    
2 2000108305   2000108305   旧书回溯/ [索取号:S153.6/92] 在馆    
3 2000108306   2000108306   旧书回溯/ [索取号:S153.6/92] 在馆    
4 2000108307   2000108307   旧书回溯/ [索取号:S153.6/92] 在馆    
5 2000108308   2000108308   旧书回溯/ [索取号:S153.6/92] 在馆    
6 2000108309   2000108309   旧书回溯/ [索取号:S153.6/92] 在馆    
山东省滨州职业学院图书馆 欢迎您!
大连网信软件有限公司© 版权所有